书目信息 |
| 题名: |
中国古代艺术珍品
|
|
| 作者: | 徐潜 主编 ;于元 , 梁丹丹 编著 | |
| 分册: | ||
| 出版信息: | 长春 吉林文史出版社 2014 |
|
| 页数: | 204页 | |
| 开本: | 24cm | |
| 丛书名: | 巧夺天工的艺术品 | |
| 单 册: | ||
| 中图分类: | K870.2-49 , K87 | |
| 科图分类: | ||
| 主题词: | 历史文物--Li Shi Wen Wu--中国--古代--通俗读物 | |
| 电子资源: | ||
| ISBN: | 978-7-5472-1524-1 | |
| 000 | 00867cam 2200277 450 | |
| 001 | 2327769010 | |
| 005 | 20231109115657.24 | |
| 010 | @a978-7-5472-1524-1@dCNY33.80 | |
| 100 | @a20140430d2014 em y0chiy50 ea | |
| 101 | 0 | @achi |
| 102 | @aCN@b220000 | |
| 105 | @aa z 000yy | |
| 200 | 1 | @a中国古代艺术珍品@AZhong Guo Gu Dai Yi Shu Zhen Pin@f徐潜主编@g于元, 梁丹丹编著 |
| 210 | @a长春@c吉林文史出版社@d2014 | |
| 215 | @a204页@c图@d24cm | |
| 225 | 2 | @a巧夺天工的艺术品@AQiao Duo Tian Gong De Yi Shu Pin |
| 410 | 0 | @12001 @a巧夺天工的艺术品 |
| 606 | 0 | @a历史文物@ALi Shi Wen Wu@y中国@z古代@j通俗读物 |
| 690 | @aK870.2-49@v5 | |
| 690 | @aK87@v4 | |
| 701 | 0 | @a徐潜@AXu Qian@4主编 |
| 702 | 0 | @a于元@AYu Yuan@4编著 |
| 702 | 0 | @a梁丹丹@ALiang Dan Dan@4编著 |
| 801 | 0 | @aCN@b山东中教@c20230926 |
| 801 | 2 | @aCN@b山东中教@c20230926 |
| 905 | @aBZT@dK87@e33 | |
| 中国古代艺术珍品/徐潜主编/于元, 梁丹丹编著.-长春:吉林文史出版社,2014 |
| 204页:图;24cm.-(巧夺天工的艺术品) |
| ISBN 978-7-5472-1524-1:CNY33.80 |
| ● |
| 相关链接 |
|
|
|
正题名:中国古代艺术珍品
索取号:K87/33
 
预约/预借
| 序号 | 登录号 | 条形码 | 馆藏地/架位号 | 状态 | 备注 |
| 1 | 2000952873 | 2000952873 | 第四书库/四31架A面6层5列/ [索取号:K87/33] | 在馆 | |
| 2 | 2000952874 | 2000952874 | 第四书库/四31架A面6层5列/ [索取号:K87/33] | 在馆 | |
| 3 | 2000952875 | 2000952875 | 第四书库/四31架A面6层5列/ [索取号:K87/33] | 在馆 | |
| 4 | 2000952876 | 2000952876 | 第四书库/四31架A面6层5列/ [索取号:K87/33] | 在馆 | |
| 5 | 2000952877 | 2000952877 | 第四书库/四31架A面6层5列/ [索取号:K87/33] | 在馆 | |
| 6 | 2000952878 | 2000952878 | 第四书库/四31架A面6层5列/ [索取号:K87/33] | 在馆 |